Economics of Welding and Cutting : AWS Resources for Engineers. Welding know-how for Engineers
Gespeichert in:
| Format: | Buch |
|---|---|
| Sprache: | Englisch |
| Veröffentlicht: |
American Welding Society,
2001
|
| Schlagworte: | |
| Tags: |
Keine Tags, Fügen Sie das erste Tag hinzu!
|
MARC
| LEADER | 00000nam a22000003a 4500 | ||
|---|---|---|---|
| 001 | stu89504 | ||
| 005 | 20141121202952.1 | ||
| 008 | 040806s2001----xxu-----------------eng-d | ||
| 040 | |a STU |b slo | ||
| 041 | 0 | |a eng | |
| 044 | |a xxu | ||
| 080 | |a 621.791 | ||
| 245 | |a Economics of Welding and Cutting : |b AWS Resources for Engineers. Welding know-how for Engineers | ||
| 260 | |b American Welding Society, |c 2001 | ||
| 300 | |a 49 s | ||
| 650 | 7 | |a zváranie |2 stusub | |
| 996 | |b 284M060148 |c M*B-366 |l MMKN |s A |a 24 |w stu89504_0001 | ||